| 000 | 00614nam a2200205 a 4500 | ||
|---|---|---|---|
| 001 | 1338 | ||
| 003 | CDMR | ||
| 005 | 20131112114021.0 | ||
| 008 | 130130s1995||||||||||||||||||||||||||||d | ||
| 020 | _a8476763115 | ||
| 040 |
_aCDMR _bcat _cCDMR |
||
| 100 | 1 |
_aRamírez, Txema _91037 |
|
| 245 | 1 | 0 |
_aGabinetes de comunicación _b: funciones, disfunciones e incidencias _cTxema Ramírez |
| 260 |
_aBarcelona _c1995 _bBosch |
||
| 490 | 0 |
_aBosch comunicación _v15 |
|
| 650 | 0 | 4 |
_93333 _aGabinets de premsa |
| 650 | 0 | 4 |
_92798 _aComunicació en l'empresa |
| 650 | 0 | 4 |
_93870 _aComunicació en l'administració |
| 942 |
_cMON _2udc |
||
| 999 |
_c1338 _d1338 |
||